Soros on Soros Staying Ahead of the Curve

Saved in:
Bibliographic Details
Main Author: Soros, George
Other Authors: Wien, Byron, Koenen, Krisztina
Format: Book
Language:English
Published: New York Wiley and Sons 1995
Edition:1. ed.
Subjects:
Tags: Add Tag
No Tags, Be the first to tag this record!

MARC

LEADER 00000nam a2200000 4500
001 c018908
005 20221205133531.8
020 |a 0-471-11977-6 
041 0 |a eng 
044 |a US 
245 1 0 |a Soros on Soros  |b Staying Ahead of the Curve  |c George Soros, Byron Wien, Krisztina Koenen 
250 |a 1. ed. 
264 1 |a New York  |b Wiley and Sons  |c 1995 
300 |a 326 s. 
610 2 0 |a nadácie 
610 2 0 |a podnikatelia 
610 2 0 |a financovanie 
610 2 0 |a investície rozvojové 
100 1 |a Soros, George 
700 1 |a Wien, Byron 
700 1 |a Koenen, Krisztina